Vplyv implementácie smernice 93/13/EHS na postavenie spotrebiteľa v zmluvných vzťahoch na finančnom trhu

Smernica Rady 93/13/EHS je jednou z mnohých predpisov upravujúcich spotrebiteľskú politiku, ktorá má pre úpravu spotrebiteľských zmlúv v práve EÚ zásadný význam. „Smernica 93/13/EHS je jedným z najdôležitejších právnych mechanizmov (a najzávažnejších zásahov) do moderného záväzkového práva, ktorá uk...

Descripción completa

Guardado en:
Detalles Bibliográficos
Autor principal: Barillová, Andrea
Formato: Capítulo de libro
Lenguaje:eslovaco
Materias:
Etiquetas: Agregar Etiqueta
Sin Etiquetas, Sea el primero en etiquetar este registro!

MARC

LEADER 00000naa a2200000 4500
001 0142913
005 20231116091158.7
041 0 |a slo 
044 |a SK 
245 1 0 |a Vplyv implementácie smernice 93/13/EHS na postavenie spotrebiteľa v zmluvných vzťahoch na finančnom trhu  |c Andrea Barillová 
520 |a Smernica Rady 93/13/EHS je jednou z mnohých predpisov upravujúcich spotrebiteľskú politiku, ktorá má pre úpravu spotrebiteľských zmlúv v práve EÚ zásadný význam. „Smernica 93/13/EHS je jedným z najdôležitejších právnych mechanizmov (a najzávažnejších zásahov) do moderného záväzkového práva, ktorá ukladá členským štátom povinnosť zabezpečiť ochranu spotrebiteľa pred neprimeranými ustanoveniami v spotrebiteľských zmluvách". 
610 2 0 |a smernice 
610 2 0 |a trh finančný 
610 2 0 |a legislatíva 
610 2 0 |a ochrana spotrebiteľa 
610 2 0 |a Európska únia 
610 2 0 |a politika spotrebiteľská 
100 1 |a Barillová, Andrea